000 00560nam a22001817a 4500
999 _c19299
_d19299
003 AR-CdUCM
008 190517b ||||| |||| 00| 0 spa d
040 _aMUNICIPALIDAD PROVINCIAL DEL CUSCO
_cBIBLIOTECA MUNICIPAL DEL CUSCO
082 _a985.009 /
_bP43
100 _aUgarte Elespuru, Juan M.
_917001
245 _aIgnacio Merino /
260 _aLima :
_bBiblioteca hombres del PerĂș,
_c1966.
300 _a183 paginas ;
_c20 cm.
505 _aContenido :BiografĂ­as /
650 _aBiografias
_9148
942 _2ddc
_cLIBROS
945 _arjall
_d2019-05-17